[Event "I Weekend Val Bisagno"]
[Site "Genova ITA"]
[Date "2000.11.??"]
[Round "3"]
[White "De Florio, Federico"]
[Black "Durdevic, Radoslav"]
[Result "1-0"]
[WhiteElo "1762"]
[BlackElo "2116"]
[PlyCount "77"]
[EventDate "2000.11.11"]

1. d4 d5 2. c4 e6 3. Nc3 Nf6 4. Bg5 Nbd7 5. Nf3 c6 6. e3 Qa5 7. Nd2 dxc4 8.
Bxf6 Nxf6 9. Nxc4 Qd8 10. Qc2 Be7 11. Be2 O-O 12. O-O Nd5 13. Rad1 Nb6 14. Ne5
f6 15. Nd3 Qe8 16. e4 Kh8 17. f4 f5 18. Ne5 Nd7 19. Rf3 Nxe5 20. dxe5 b6 21.
Bc4 a5 22. a4 Rb8 23. Qe2 Bb4 24. exf5 exf5 25. Rh3 Be6 26. Bxe6 Qxe6 27. Qh5
h6 28. Rhd3 b5 29. axb5 cxb5 30. Nd5 Bc5+ 31. Kh1 Qe8 32. Qh4 Qf7 33. Qe1 Qa7
34. e6 b4 35. Qe5 a4 36. e7 Rfe8 37. Rg3 Rg8 38. Rg6 Kh7 39. Qxf5 1-0